000 00320 a2200157 4500
001 61135
020 _a85160228852
040 _cAnchieta - Pituba
100 _aElisabeth Prescher
240 1 0 _aSun 3
_leng
245 1 0 _aSun 3
300 _a160
362 0 _a2001
650 4 _aInglês e inglês antigo
942 _cBK
999 _c61135
_d61135